Themed General Knowledge Questions #25 - Statistics

General Stats
  • This quiz has been taken 17 times
  • The average score is 6 of 10
Answer Stats
Question Answer % Correct
What does 'TAN' stand for in maths? Tangent
100%
What continent has the most people? Asia
93%
What did God show Abram and tell him how many descendants he'd have? The stars in the sky and sand on the Earth
80%
What element of the periotic table is frequently used to make blue dyes? Cobalt
67%
What are heterotrophs? Creatures that are unable to create its own energy, and eat food instead
60%
What canal was for eight years as a result of a six day war? Suez Canal
60%
What wood are violin fingerboards commonly made of? Ebony
47%
What country grows the most bananas? India
33%
Where were equestrian events held during the 1956 Melbourne Olympics? Stockholm
20%
Which of these books' movie has the highest rotten tomatoes rating (including the popcorn-meter)? The Wild Robot
13%
No matching quizzes found
Score Distribution
Percent of People with Each Score
Percentile by Number Answered
Your Score History
You have not taken this quiz